=LDR 00000nam 2200000 4500 =001 001184 =005 20250710124439 =035 ##$$a 0010-0725000115 =007 ta =008 250710################a##########0#ind## =020 ##$$a 978-623-118-781-9 =082 ##$$a 398.209 598 =084 ##$$a 398.209 598 ABQ b =100 #$$a Abqary, Iwok =245 1#$$a Bolehkah Aku Berbeda /$c Iwok Abqary =250 ##$$a Cetakan Pertama =260 ##$$a Jakarta Timur :$b Kementerian Pendidikan, Kebudayaan, Riset, dan Teknologi,$c 2023 =300 ##$$a 36 hlm : $b ilus. ; $c 21 x 29,7 cm =650 #4$$a Kesusastraan Anak =600 #4$$a Cerita anak-Indonesia =856 ##$$a TBM AS SUHADA